| 000 | 00610nam a2200193Ia 4500 | ||
|---|---|---|---|
| 003 | BUBTL | ||
| 008 | 151213s9999 xx 000 0 und d | ||
| 020 | _a0538813687 | ||
| 082 | _a658.8/ L165p/ 1992 | ||
| 100 |
_aLamb. Charles W. _94383 |
||
| 245 |
_aPrinciples of Marketing _cCharles W. Lamb, Joseph F. Hair and Carl McDaniel |
||
| 260 |
_aOhio _bSouth Western _cc1992 |
||
| 300 |
_a[xxxv], 757p. : _bGraph; 25cm. |
||
| 650 |
_aMarketing _92606 |
||
| 700 |
_aCharles W. Lamb, Joseph F. Hair and Carl McDaniel _92605 |
||
| 856 |
_k0 _l0 _yDownload |
||
| 942 |
_2ddc _cBK |
||
| 999 |
_c1778 _d1778 |
||